Aprendizaje; teoría del refuerzo /
Guardado en:
| Autor Principal: | |
|---|---|
| Formato: | Libro |
| Publicado: |
Argentina :
Paidós,
1965
|
| Materias: | |
| Etiquetas: |
Agregar Etiqueta
Sin Etiquetas, Sea el primero en etiquetar este registro!
|
| LEADER | 00461nam a22001695a 4500 | ||
|---|---|---|---|
| 001 | CEM.cems003573 | ||
| 005 | 19000101000000.0 | ||
| 008 | 130507s1965##################000#0#####d | ||
| 003 | CEMS | ||
| 082 | 0 | 4 | |a 154.4 |
| 100 | 1 | |a Keller, Fred S. | |
| 245 | 1 | 0 | |a Aprendizaje; teoría del refuerzo / |
| 260 | |a Argentina : |b Paidós, |c 1965 | ||
| 300 | |a 96 p. | ||
| 653 | |a Aprendizaje | ||
| 653 | |a Refuerzo-teoria del | ||
| 859 | |a CEMS |b BIB. CEMS - 11 de abril |h 154.4 |i K281 |p 396.73 |t Ej.1 | ||
